00313nam a22001097a 4500008004100000082001700041110002400058245006600082260003500148300001000183440001000193230606b xxu||||| |||| 00| 0 eng d a341.050bGRA bNew York University aNew York University Journal of International Law and Politics aUSAbNew York Universityc2007 a1006p n4v39